Hábeas data: el derecho a la intimidad frente a la informática

Saved in:
Bibliografiske detaljer
Main Authors: Ekmekdjian, Miguel Angel (Author), Pizzolo, Calogero (Author)
Format: Bog
Sprog:spansk
Udgivet: Buenos Aires Ediciones Depalma 1996
Fag:
Tags: Tilføj Tag
Ingen Tags, Vær først til at tagge denne postø!

MARC

LEADER 00000nam a2200000 a 4500
001 UCT4259
003 CL-VaPUC
008 961108e19960000AG |||||||||||||||||spa|d
082 0 4 |a 323.448  |b EKM  |2 21 
100 0 |a Ekmekdjian, Miguel Angel  |e author  |9 373466 
700 0 |a Pizzolo, Calogero  |e author  |9 373467 
245 1 0 |a Hábeas data: el derecho a la intimidad frente a la informática 
300 |a 115 p 
942 |c BK 
945 |d 19961108 00:00:00  |a nastorga 
260 |a Buenos Aires  |b Ediciones Depalma  |c 1996 
650 7 |a SEGURIDAD DE BASES DE DATOS  |2 CL-VaPUC  |9 262444 
650 0 |a Computadores  |9 258188 
650 7 |a CONTROL DE ACCESO  |2 CL-VaPUC  |9 262423 
650 0 |a Derecho a la privacidad  |9 262371 
650 0 |a Protección de datos  |9 262446 
650 0 |a Derecho y legislación   |9 255077 
650 0 |a Tecnología  |9 256742 
583 |a last modification  |c 19961108 00:00:00  |k Rodrigo Vera 
999 |c 253669  |d 253667 
952 |0 0  |1 0  |4 0  |6 323_448000000000000_EKM_1996  |7 0  |8 DER_TF  |9 274654  |a BIBDER  |b BIBDER  |d 2019-11-19  |i 3249654  |o 323.448 EKM 1996  |p 3249654  |r 2023-01-25  |w 2019-11-19  |x Ubicación 4to Piso  |y BK  |z Estos recursos deben solicitarse con anticipación  |k DER